|
|
|
|
| LEADER |
00000nab a2200000 a 4500 |
| 001 |
vtls000418673 |
| 003 |
SK-MaSNL |
| 005 |
20260303161009.0 |
| 008 |
230223c1990 xo 0 slo |
| 015 |
|
|
|a SNBRA19rr/mm-uuuuu
|
| 035 |
|
|
|a CL0418798
|
| 035 |
|
|
|a urn:nbn:sk:snk-aba9be
|
| 035 |
|
|
|a (urnnbn)urn:nbn:sk:snk:ar-a09lla
|
| 035 |
|
|
|a (uuid)ef9f051c-1fcd-4a06-83bd-6c4ee3a7ad4e
|
| 040 |
|
|
|a SNKBUCL
|b slo
|c SNKBUCL
|e AACR2
|
| 041 |
0 |
|
|a slo
|
| 044 |
|
|
|a xo
|c SK
|
| 080 |
|
|
|a 599.32/.33
|2 1981
|
| 100 |
1 |
|
|a Stanko, Michal,
|d 1957-
|4 aut
|9 9353
|
| 245 |
1 |
0 |
|a Drobné zemné cicavce (Insectivora, Rodentia) východnej časti Volovských vrchov (Slovenské rudohorie)
|c Michal Stanko, Branislav Paľko
|
| 300 |
|
|
|b Tb. 1. Mp. Res. angl., nem., rus., lit. 10 zázn. v slov., češ., angl.
|
| 650 |
0 |
7 |
|a hlodavce
|2 snkbucl
|9 16267
|
| 650 |
0 |
7 |
|a hmyzožravce
|2 snkbucl
|9 19071
|
| 651 |
|
7 |
|a Volovské vrchy (Slovensko : pohorie)
|2 snkbucl
|9 16193
|
| 655 |
|
7 |
|a články zo zborníkov
|2 snkbucl
|9 166140
|
| 700 |
1 |
|
|a Paľko, Branislav
|4 aut
|9 1182644
|
| 773 |
0 |
|
|t Zborník Východoslovenského múzea v Košiciach. Prírodné vedy XXX - 1989
|d Košice : Východoslovenské vydavateľstvo, 1990
|g S. 63-69
|
| 850 |
|
|
|a Slovenská národná knižnica v Martine
|a MTA001
|
| 852 |
|
|
|a SNK
|b KIS3GCP
|
| 954 |
|
|
|a odborná, vedecká literatúra pôvodná (slovenská)
|2 lita
|
| 958 |
|
|
|a RK
|
| 958 |
|
|
|a NB
|
| 958 |
|
|
|a OND
|
| 958 |
|
|
|a EUIPO
|
| 958 |
|
|
|a article13
|
| 992 |
|
|
|a RZB
|
| 999 |
|
|
|c 2047921
|d 2049851
|